<?xml version="1.0" encoding="UTF-8"?>
<record
    xmlns:xsi="http://www.w3.org/2001/XMLSchema-instance"
    xsi:schemaLocation="http://www.loc.gov/MARC21/slim http://www.loc.gov/standards/marcxml/schema/MARC21slim.xsd"
    xmlns="http://www.loc.gov/MARC21/slim">

  <leader>01585nam0a2200325   4500</leader>
  <controlfield tag="001">RU\NLR\ONL2\23685</controlfield>
  <controlfield tag="005">20260426043346.0</controlfield>
  <datafield tag="035" ind1=" " ind2=" ">
    <subfield code="a">(NLR Aleph) 010210643</subfield>
  </datafield>
  <datafield tag="090" ind1=" " ind2=" ">
    <subfield code="a">13690733</subfield>
    <subfield code="c">13690733</subfield>
  </datafield>
  <datafield tag="100" ind1=" " ind2=" ">
    <subfield code="a">20120209d1957    u  y0rusy50      ca</subfield>
  </datafield>
  <datafield tag="101" ind1="0" ind2=" ">
    <subfield code="a">aze</subfield>
  </datafield>
  <datafield tag="102" ind1=" " ind2=" ">
    <subfield code="a">AZ</subfield>
  </datafield>
  <datafield tag="105" ind1=" " ind2=" ">
    <subfield code="a">y |||||||||</subfield>
  </datafield>
  <datafield tag="200" ind1="1" ind2=" ">
    <subfield code="a">&#x411;&#x4E9;j&#x4AF;&#x43A; &#x41E;&#x43A;&#x442;j&#x430;&#x431;&#x440; &#x441;&#x43E;&#x441;&#x438;&#x430;&#x43B;&#x438;&#x441;&#x442; &#x438;&#x43D;&#x433;&#x438;&#x43B;&#x430;&#x431;&#x44B;&#x43D;&#x44B;&#x43D; &#x431;&#x435;j&#x43D;&#x4D9;&#x43B;&#x445;&#x430;&#x43B;&#x433; &#x4D9;h&#x4D9;&#x43C;&#x438;jj&#x4D9;&#x442;&#x438;</subfield>
    <subfield code="e">(&#x43C;&#x443;h&#x430;&#x437;&#x438;&#x440;&#x44D;&#x447;&#x438;&#x43B;&#x44D;&#x440; &#x443;&#x447;&#x443;&#x43D; &#x43C;&#x430;&#x442;&#x435;&#x440;&#x438;&#x430;&#x43B;)</subfield>
    <subfield code="f">&#x447;&#x44D;&#x43C;. &#x443;&#x437;&#x432;&#x443; &#x442;&#x430;&#x440;&#x438;&#x445; &#x44D;&#x43B;&#x43C;. &#x43D;&#x430;&#x43C;. &#x41D;&#x44D;&#x441;&#x438;&#x431; &#x42D;&#x43B;&#x438;&#x437;&#x430;&#x434;&#x44D;</subfield>
    <subfield code="g">&#x410;&#x437;&#x421;&#x421;&#x420; &#x421;&#x438;j&#x430;&#x441;&#x438; &#x432;&#x44D; &#x44D;&#x43B;&#x43C;&#x438; &#x431;&#x438;&#x43B;&#x438;&#x43A;&#x43B;&#x44D;&#x440;&#x438; j&#x430;j&#x430;&#x43D; &#x447;&#x44D;&#x43C;-&#x442;&#x438;</subfield>
  </datafield>
  <datafield tag="210" ind1=" " ind2=" ">
    <subfield code="a">&#x411;&#x430;&#x43A;&#x44B;</subfield>
    <subfield code="c">&#x410;&#x437;&#x421;&#x421;&#x420; &#x421;&#x438;j&#x430;&#x441;&#x438; &#x432;&#x44D; &#x44D;&#x43B;&#x43C;&#x438; &#x431;&#x438;&#x43B;&#x438;&#x43A;&#x43B;&#x44D;&#x440;&#x438; j&#x430;j&#x430;&#x43D; &#x447;&#x44D;&#x43C;-&#x442;&#x438;</subfield>
    <subfield code="d">1957</subfield>
  </datafield>
  <datafield tag="215" ind1=" " ind2=" ">
    <subfield code="a">47 &#x441;.</subfield>
    <subfield code="d">20</subfield>
  </datafield>
  <datafield tag="333" ind1=" " ind2=" ">
    <subfield code="a">&#x42D;&#x43B;j&#x430;&#x437;&#x43C;&#x430;&#x441;&#x44B; h&#x443;&#x433;&#x443;&#x433;&#x443;&#x43D;&#x434;&#x430;</subfield>
  </datafield>
  <datafield tag="541" ind1="1" ind2=" ">
    <subfield code="6">z01790</subfield>
    <subfield code="a">&#x41C;&#x435;&#x436;&#x434;&#x443;&#x43D;&#x430;&#x440;&#x43E;&#x434;&#x43D;&#x43E;&#x435; &#x437;&#x43D;&#x430;&#x447;&#x435;&#x43D;&#x438;&#x435; &#x412;&#x435;&#x43B;&#x438;&#x43A;&#x43E;&#x439; &#x41E;&#x43A;&#x442;&#x44F;&#x431;&#x440;&#x441;&#x43A;&#x43E;&#x439; &#x441;&#x43E;&#x446;&#x438;&#x430;&#x43B;&#x438;&#x441;&#x442;&#x438;&#x447;&#x435;&#x441;&#x43A;&#x43E;&#x439; &#x440;&#x435;&#x432;&#x43E;&#x43B;&#x44E;&#x446;&#x438;&#x438;</subfield>
    <subfield code="e">&#x43C;&#x430;&#x442;&#x435;&#x440;&#x438;&#x430;&#x43B; &#x432; &#x43F;&#x43E;&#x43C;&#x43E;&#x449;&#x44C; &#x43B;&#x435;&#x43A;&#x442;&#x43E;&#x440;&#x443;</subfield>
    <subfield code="z">rus</subfield>
  </datafield>
  <datafield tag="606" ind1="0" ind2=" ">
    <subfield code="a">&#x412;&#x435;&#x43B;&#x438;&#x43A;&#x430;&#x44F; &#x41E;&#x43A;&#x442;&#x44F;&#x431;&#x440;&#x44C;&#x441;&#x43A;&#x430;&#x44F; &#x441;&#x43E;&#x446;&#x438;&#x430;&#x43B;&#x438;&#x441;&#x442;&#x438;&#x447;&#x435;&#x441;&#x43A;&#x430;&#x44F; &#x440;&#x435;&#x432;&#x43E;&#x43B;&#x44E;&#x446;&#x438;&#x44F;</subfield>
    <subfield code="z">1917</subfield>
    <subfield code="9">912483</subfield>
    <subfield code="3">RU\NLR\auth\6613825</subfield>
  </datafield>
  <datafield tag="686" ind1="1" ind2=" ">
    <subfield code="a">&#x422;3(2)711</subfield>
  </datafield>
  <datafield tag="700" ind1=" " ind2="1">
    <subfield code="a">&#x4D8;&#x43B;&#x438;&#x437;&#x430;&#x434;&#x4D9;</subfield>
    <subfield code="b">&#x41D;. &#x418;.</subfield>
    <subfield code="g">&#x41D;&#x4D9;&#x441;&#x438;&#x431; &#x418;&#x441;&#x43C;&#x430;j&#x44B;&#x43B; &#x43E;&#x493;&#x43B;&#x443;</subfield>
    <subfield code="4">070</subfield>
  </datafield>
  <datafield tag="790" ind1=" " ind2="1">
    <subfield code="6">z01541</subfield>
    <subfield code="a">&#x410;&#x43B;&#x438;&#x437;&#x430;&#x434;&#x435;</subfield>
    <subfield code="b">&#x41D;. &#x418;.</subfield>
    <subfield code="g">&#x41D;&#x430;&#x441;&#x438;&#x431; &#x418;&#x441;&#x43C;&#x430;&#x438;&#x43B; &#x43E;&#x433;&#x43B;&#x44B;</subfield>
    <subfield code="4">070</subfield>
  </datafield>
  <datafield tag="801" ind1=" " ind2="0">
    <subfield code="a">RU</subfield>
    <subfield code="b">NLR</subfield>
    <subfield code="c">20120627</subfield>
    <subfield code="g">PSBO</subfield>
  </datafield>
  <datafield tag="852" ind1=" " ind2=" ">
    <subfield code="a">NLR</subfield>
    <subfield code="j">&#x410;&#x437;&#x435;&#x440;&#x431;./2-8992</subfield>
  </datafield>
  <datafield tag="852" ind1=" " ind2=" ">
    <subfield code="a">NLR</subfield>
    <subfield code="b">&#x41E;&#x41D;&#x41B;</subfield>
    <subfield code="j">&#x410;&#x437;&#x435;&#x440;&#x431;./2-89992</subfield>
  </datafield>
  <datafield tag="942" ind1=" " ind2=" ">
    <subfield code="c">BOOK</subfield>
  </datafield>
  <datafield tag="980" ind1=" " ind2=" ">
    <subfield code="a">ONL_RF</subfield>
  </datafield>
  <datafield tag="980" ind1=" " ind2=" ">
    <subfield code="a">NB</subfield>
  </datafield>
</record>
